EPMR economic and property market review (Record no. 84029)

MARC details
000 -LEADER
fixed length control field 01482cad a22002175a 4500
001 - CONTROL NUMBER
control field L156470
008 - FIXED-LENGTH DATA ELEMENTS--GENERAL INFORMATION
fixed length control field 120528s2012 xxk 000 0 eng d
035 ## - SYSTEM CONTROL NUMBER
System control number (Sirsi) u156470
041 0# - LANGUAGE CODE
Language code of text/sound track or separate title eng
110 2# - MAIN ENTRY--CORPORATE NAME
Corporate name or jurisdiction name as entry element GVA
9 (RLIN) 5945
245 00 - TITLE STATEMENT
Title EPMR economic and property market review
Remainder of title Q2 2012
Medium [electronic resource]
260 ## - PUBLICATION, DISTRIBUTION, ETC.
Place of publication, distribution, etc. London
Name of publisher, distributor, etc. GVA
Date of publication, distribution, etc. 2012
490 #0 - SERIES STATEMENT
Series statement GVA EPMR Economic and Property Market Review
Volume/sequential designation Q2 2012
520 ## - SUMMARY, ETC.
Summary, etc. Economic output shrank 0.25% in Q1 2012 following a 0.3% fall in Q4 2011. Persistently high overall inflation has meant a steep fall in incomes in real terms. Employment growth has been mildly encouraging over the last six months. The economic outlook will inevitably be weak in the short term. Occupier demand has remained subdued across most of the commercial property market. GVA forecasts for rental value growth are now down to 0.3% in 2012 and 0.6% in 2013. Commercial property transactions have averaged £7.6bn per quarter over the last year. Polarisation between prime and secondary property continues.
520 ## - SUMMARY, ETC.
Summary, etc. Economic trends -- commercial property market: recent occupier market trends; outlook for occupier market performance -- investment market commentary: recent investment performance; investment market outlook.
590 ## - LOCAL NOTE (RLIN)
Local note KA
651 #4 - SUBJECT ADDED ENTRY--GEOGRAPHIC NAME
Geographic name United Kingdom
690 ## - LOCAL SUBJECT ADDED ENTRY--TOPICAL TERM (OCLC, RLIN)
Topical term or geographic name as entry element Commercial property
9 (RLIN) 6227
856 40 - ELECTRONIC LOCATION AND ACCESS
Uniform Resource Identifier <a href="https://www.gva.co.uk/research/economic-and-property-market-review/">https://www.gva.co.uk/research/economic-and-property-market-review/</a>
Public note View the report at www.gva.co.uk
942 ## - ADDED ENTRY ELEMENTS (KOHA)
Suppress in OPAC 0
Holdings
Withdrawn status Lost status Source of classification or shelving scheme Damaged status Not for loan Home library Current library Shelving location Date acquired Total Checkouts Full call number Barcode Date last seen Copy number Price effective from Koha item type
    Dewey Decimal Classification     Virtual Virtual Online 27/05/2012   ONLINE PUBLICATION 156470-2001 06/08/2019 1 06/08/2019 Book